UM Logo
Normal view MARC view
  • Cook, Kathleen B.

Entry Personal Name

Number of records used in: 1

001 - CONTROL NUMBER

  • control field: 50063

003 - CONTROL NUMBER IDENTIFIER

  • control field: OSt

005 - DATE AND TIME OF LATEST TRANSACTION

  • control field: 20231118150315.0

008 - FIXED-LENGTH DATA ELEMENTS

  • fixed length control field: 231118|| aca||aabn | a|a d

040 ## - CATALOGING SOURCE

  • Original cataloging agency: OSt
  • Transcribing agency: OSt

100 ## - HEADING--PERSONAL NAME

  • Personal name: Cook, Kathleen B.
  • Relator term: author.

670 ## - SOURCE DATA FOUND

  • Source citation: Work cat.: (OSt): Cook, Kathleen B. author., High-school students with high-incidence disabilities' use of smartphones for self-monitoring /, November 2022.